| 000 | 00889 a2200265 4500 | ||
|---|---|---|---|
| 003 | CBULib | ||
| 005 | 20231208143130.0 | ||
| 008 | 231208b |||||||| |||| 00| 0 eng d | ||
| 020 | _a9780323532037 | ||
| 040 |
_bEnglish _cCBULib _erda |
||
| 050 | _aRC 76 Jar | ||
| 100 | 1 |
_aJarvis, Carolyn _91338 |
|
| 245 |
_aPhysical examination and health assessment _c/ by Carolyn Jarvis; and Ann Eckhardt |
||
| 250 | _aEighth edition | ||
| 260 |
_bElsevier, _c2020 _aSt. Louis : |
||
| 300 | _avi, 314 pages : colour illustrations | ||
| 336 |
_2rdacontent _aText | _btxt |
||
| 337 |
_2rdamedia _aUnmediated | _bn |
||
| 338 |
_2rdacarrier _aVolume _bnc |
||
| 504 | _aIncludes an appendix | ||
| 650 | 0 |
_91339 _aMEDICAL HISTORY TAKING LABORATORY MANUALS |
|
| 650 | 0 |
_91166 _aDIAGNOSIS, LABORATORY--HANDBOOKS, MANUAL, etc |
|
| 650 | 0 |
_91340 _aNURSING ASSESSMENT LABORATORY MANUALS |
|
| 942 |
_2lcc _c002 |
||
| 999 |
_c83577 _d83577 |
||